[Event "TCh-RUS Major League"]
[Site "Dagomys RUS"]
[Date "2008.04.07"]
[Round "5"]
[White "Ogloblin,N"]
[Black "Paveliev,A"]
[Result "1-0"]
[WhiteElo "2369"]
[BlackElo "2392"]

1.Nf3 d5 2.g3 Nc6 3.d4 Bg4 4.Bg2 Qd7 5.Nc3 e6 6.O-O Bb4 7.Nb1 Nge7 8.b3 O-O
9.Bb2 Ng6 10.Nbd2 f5 11.a3 Be7 12.e3 Bf6 13.h3 Bxf3 14.Qxf3 Nce7 15.c4 c5
16.h4 Rad8 17.h5 Nh8 18.cxd5 exd5 19.Rac1 b6 20.Rc2 Nf7 21.Rfc1 Ng5 22.Qd1 cxd4
23.Rc7 Qd6 24.exd4 f4 25.Qg4 Ne6 26.Rxa7 fxg3 27.fxg3 Nf5 28.Nf1 Nfxd4 29.Re1 Nf5
30.Bc1 Bd4+ 31.Kh2 Kh8 32.Bd2 Rf6 33.Bb4 Bc5 34.Bc3 d4 35.Bd2 d3 36.b4 Bd4
37.Rc1  1-0

[Event "TCh-RUS Major League"]
[Site "Dagomys RUS"]
[Date "2008.04.09"]
[Round "7"]
[White "Novik,Ma"]
[Black "Sjugirov,S"]
[Result "1-0"]
[WhiteElo "2463"]
[BlackElo "2492"]

1.Nf3 d5 2.g3 Bg4 3.Bg2 Nf6 4.c4 c6 5.cxd5 Bxf3 6.Bxf3 cxd5 7.Qb3 Qd7 8.Nc3 e6
9.O-O Nc6 10.Bg2 Be7 11.d3 O-O 12.Bf4 Rac8 13.Rfc1 h6 14.a3 a6 15.Qd1 b5
16.e4 dxe4 17.dxe4 Qxd1+ 18.Rxd1 e5 19.Be3 Na5 20.Bh3 Rb8 21.b4 Nc4 22.Bc5 Bxc5
23.bxc5 Na5 24.Nd5 Rfd8 25.Rac1 Nb3 26.c6 Nxc1 27.Rxc1 Ne8 28.c7 Nxc7 29.Rxc7 a5
30.Bf1 Kf8 31.Rc3 b4 32.axb4 axb4 33.Rb3 Rd7 34.Rxb4 Rxb4 35.Nxb4 Rd4 36.Nd3 Rxe4
37.Bg2 Ra4 38.Nxe5 Ra5 39.Nc4 Ra1+ 40.Bf1 Ke7 41.Kg2 Kf6 42.Ne3 Ke7 43.Kf3 Kf8
44.Bc4 Ra4 45.h4 h5 46.Bd5 Rd4 47.Be4 g6 48.Ng2 Ra4 49.Nf4 Ra3+ 50.Bd3 Kg7
51.Ke3 Ra4 52.Nh3 Ra3 53.Ng5 Ra4 54.Be4 Ra5 55.Kf3 Kf8 56.Bd3 Ra4 57.Ke3 Rb4
58.Kd2 Rb2+ 59.Bc2 Rb6 60.Bd3 Rb2+ 61.Ke3 Rb4 62.Nf3 Kg7 63.Ne5 Ra4 64.Kd2 Kf6
65.f4 Kg7 66.Kc1 Ra1+ 67.Bb1 Ra3 68.Nd3 Ra4 69.Ne1 Ra1 70.Kb2 Ra7 71.Bd3 Re7
72.Nc2 Kf6 73.Kc3 Ra7 74.Kd2 Ra2 75.Ke3 Ra4 76.Nd4 Ra3 77.Nf3 Kg7 78.Ng5 Kf8
79.f5 Kg7 80.Nh3 gxf5 81.Nf4  1-0

[Event "TCh-RUS Major League"]
[Site "Dagomys RUS"]
[Date "2008.04.10"]
[Round "8"]
[White "Shorokhov,Alexandr"]
[Black "Grishchenko,S1"]
[Result "1-0"]
[WhiteElo "2470"]
[BlackElo "2390"]

1.Nf3 d5 2.g3 Nf6 3.Bg2 c6 4.O-O Bf5 5.b3 e6 6.Bb2 Nbd7 7.d3 Bc5 8.Nbd2 O-O
9.Qe1 h6 10.a3 a5 11.e4 Bh7 12.Kh1 Kh8 13.Nh4 Qb6 14.Qe2 Rae8 15.f4 e5 16.Rae1 Bd6
17.d4 exd4 18.e5 Nxe5 19.fxe5 Rxe5 20.Qd1 Rxe1 21.Rxe1 Qc5 22.Ndf3 Bxc2 23.Qa1 Bxb3
24.Nxd4 Ng4 25.h3 Nf2+ 26.Kh2 Nd3 27.Ndf5 Rg8 28.Bxg7+ Kh7 29.Re3 Bc2 30.Bd4 Qxa3
31.Nxd6 Qxd6 32.Qf1 Rf8 33.Qf5+  1-0

[Event "TCh-RUS Major League"]
[Site "Dagomys RUS"]
[Date "2008.04.11"]
[Round "9"]
[White "Yatsenko,A"]
[Black "Pushkarev,D"]
[Result "1/2-1/2"]
[WhiteElo "2452"]
[BlackElo "2330"]

1.Nf3 d5 2.g3 Nf6 3.Bg2 c6 4.O-O Bf5 5.d3 h6 6.Nbd2 Nbd7 7.b3 e5 8.Bb2 Bd6
9.Re1 Be6 10.e4 Qc7 11.exd5 cxd5 12.c4 d4 13.Rc1 a5 14.c5 Bxc5 15.Ba3 O-O
16.Nxe5 Rac8 17.Nxd7 Nxd7 18.Ne4 b6 19.Qh5 Qa7 20.Nxc5 bxc5 21.Qe2 Rfd8 22.Qd2 a4
23.b4 cxb4 24.Bxb4 a3 25.Be7 Re8 26.Qb4 Bxa2 27.Qxa3 Qxa3 28.Bxa3 Rxe1+ 29.Rxe1 Be6
30.Bb2 Nc5 31.Rc1 Nxd3 32.Rxc8+ Bxc8 33.Bxd4 Be6  1/2-1/2

[Event "TCh-FRA Top 16 Gp A"]
[Site "Noyon FRA"]
[Date "2008.04.11"]
[Round "5"]
[White "Skripchenko,A"]
[Black "Delorme,L"]
[Result "1-0"]
[WhiteElo "2443"]
[BlackElo "2072"]

1.Nf3 d5 2.g3 Bg4 3.Bg2 Nd7 4.c4 dxc4 5.Na3 c6 6.Nxc4 Ngf6 7.O-O e6 8.d4 Be7
9.Qb3 Nb6 10.Na5 Bxf3 11.Bxf3 O-O 12.Nxb7 Qxd4 13.Na5 Nbd5 14.e4 Nb6 15.Nxc6 Qc5
16.Nxe7+ Qxe7 17.Bd2 Rfc8 18.Rac1 e5 19.Bb4 Qd7 20.Bc3 Qe7 21.Qb5 Rc5 22.Qa6 Qc7
23.Bd2 Nc4 24.Bg5 Rc6 25.Qa4 Nd7 26.b3 Ndb6 27.Qb5 a6 28.Qb4 f6 29.Bd2 Nxd2
30.Qxd2 Rc8 31.Rxc6 Qxc6 32.Rd1 Qb7 33.Bg4 Re8 34.Qd6 Kf7 35.Rc1 Re7 36.Rc6 Nd7
37.Rc7 Qxe4 38.Rxd7  1-0

[Event "Copenhagen Chess Challenge"]
[Site "Ballerup DEN"]
[Date "2008.04.18"]
[Round "5"]
[White "Movsziszian,K"]
[Black "Smith,Ax"]
[Result "1/2-1/2"]
[WhiteElo "2536"]
[BlackElo "2428"]

1.Nf3 d5 2.g3 Nf6 3.Bg2 Bf5 4.d3 c6 5.O-O h6 6.b3 Nbd7 7.Bb2 Qc7 8.Nbd2 e5
9.e4 dxe4 10.dxe4 Be6 11.Nh4 Bc5 12.Nf5 O-O 13.Qf3 Rfe8 14.Rfe1 a5 15.a3 Rad8
16.Nf1 g6 17.N5e3 Bd4 18.Rab1 Bxb2  1/2-1/2

[Event "Copenhagen Chess Challenge"]
[Site "Ballerup DEN"]
[Date "2008.04.19"]
[Round "6"]
[White "Olsson,Li"]
[Black "Johansson,Al"]
[Result "1-0"]
[WhiteElo "2372"]
[BlackElo "2046"]

1.Nf3 d5 2.g3 e6 3.Bg2 Bd6 4.O-O f5 5.d3 Nf6 6.c4 O-O 7.Nc3 c6 8.e4 Nbd7
9.Bg5 dxe4 10.dxe4 Qc7 11.Nd4 Ne5 12.Bxf6 gxf6 13.exf5 exf5 14.Ndb5 cxb5
15.Nxb5 Qg7 16.Nxd6 Kh8 17.f4 Ng4 18.Qd4 h5 19.Rf3 Bd7 20.Rb3 Bc6 21.Bxc6 bxc6
22.Rb7 Qg6 23.Re1 Rab8 24.Rxa7 c5 25.Qd2 Ne5 26.fxe5 fxe5 27.Rxe5 f4 28.Rxh5+ Kg8
29.Qd5+  1-0

[Event "Copenhagen Chess Challenge"]
[Site "Ballerup DEN"]
[Date "2008.04.19"]
[Round "7"]
[White "Movsziszian,K"]
[Black "Semcesen,D"]
[Result "1/2-1/2"]
[WhiteElo "2536"]
[BlackElo "2351"]

1.Nf3 d5 2.g3 Bg4 3.Bg2 Nd7 4.c4 e6 5.d3 Ngf6 6.O-O c6 7.Nbd2 Bd6 8.b3 O-O
9.Bb2 a5 10.a3 Re8 11.Qc2 e5 12.h3 Bh5 13.e3 Qe7 14.Nh4 Bg6 15.e4 dxe4 16.dxe4 Bc5
17.Nf5 Qd8 18.Bc3 Qb6 19.g4 Nf8 20.Nf3 N6d7 21.Qb2 f6 22.Rad1 Be7 23.b4 axb4
24.axb4 Bf7 25.c5 Qc7 26.g5 Bc4 27.gxf6 gxf6 28.Qd2 Rad8 29.Qh6 Ne6 30.Rfe1 Bf8
31.Qh4 Nf4 32.Kh2 Be6 33.Qg3+ Kh8 34.N3h4 Nb8 35.Bf3 Rxd1 36.Bxd1 Rd8 37.Bc2 Qf7
38.Rg1 Ne2 39.Qxe5 Nd7 40.Qc7 Re8 41.Rg3 Nxg3 42.Qxg3 Ra8 43.Bd1 Ra2 44.Bg4 Ne5
45.Bxe5 fxe5 46.Qxe5+ Bg7 47.Qg3 Qf6 48.Kg2 Qe5 49.Qd3 Bf6 50.Nf3 Qb2 51.Qe3 Bxf5
52.Bxf5 Qe2 53.Qxe2 Rxe2 54.e5 Be7 55.Bc8 Re4 56.Bxb7 Rxb4 57.Bxc6 Bxc5 58.Ng5 Rb6
59.Be8 Rb2 60.Ne4 Re2 61.Bc6 Bd4 62.e6 Bf6 63.Kf3 Re1 64.Kf4 Kg7 65.Bd5 Rd1
66.Bc6 Ra1 67.Ng3 Ra5 68.Nf5+ Kf8 69.f3 Re5 70.Bd7 Rc5 71.h4 Rxf5+ 72.Kxf5 Bxh4  1/2-1/2

[Event "Copenhagen Chess Challenge"]
[Site "Ballerup DEN"]
[Date "2008.04.20"]
[Round "9"]
[White "Movsziszian,K"]
[Black "Grabarczyk,M"]
[Result "1/2-1/2"]
[WhiteElo "2536"]
[BlackElo "2493"]

1.Nf3 d5 2.g3 Nf6 3.Bg2 c6 4.O-O h6 5.d3 Bf5 6.Nfd2 e5 7.e4 dxe4 8.dxe4 Be6
9.Qe2 Nbd7 10.Nc4 Bc5 11.Nbd2 b5 12.Ne3 O-O 13.h3 Re8 14.Kh1 Qb6 15.Nf5 Bf8
16.b3 a5 17.a4 bxa4 18.Rxa4 Nc5 19.Ra1 a4 20.bxa4 Rxa4 21.Rxa4 Nxa4 22.Qf3 Nd7  1/2-1/2

[Event "ch-Odessa Region"]
[Site "Odessa UKR"]
[Date "2008.04.21"]
[Round "6"]
[White "Kovaleva,M"]
[Black "Fingerov,D"]
[Result "0-1"]
[WhiteElo "2058"]
[BlackElo "2347"]

1.Nf3 d5 2.g3 Nc6 3.d4 Bf5 4.Bg2 Nb4 5.Na3 c6 6.c3 Na6 7.Qb3 Qb6 8.O-O Nf6
9.Bf4 h6 10.h4 e6 11.Ne5 Be7 12.Rfc1 O-O 13.Nc2 c5 14.Qxb6 axb6 15.dxc5 bxc5
16.Ne3 Be4 17.c4 d4 18.N3g4 Bxg2 19.Kxg2 Nxg4 20.Nxg4 Nb4 21.a3 Nc6 22.Ne5 Nxe5
23.Bxe5 f6 24.Bf4 e5 25.Bd2 e4 26.e3 Rfc8 27.g4 g6 28.f3 f5 29.Rh1 fxg4 30.fxg4 Bf6
31.Raf1 Ra6 32.Rf4 Re6 33.Bc1 g5 34.hxg5 Bxg5 35.Rf5 Rb6 36.b4 dxe3 37.b5 Rd8
38.Re5 Rd4 39.Rxc5 Rf6 40.Rc8+ Kh7 41.Rc7+ Kg6 42.Re1 Rd2+ 43.Bxd2 exd2 44.Rd1 e3  0-1

[Event "IX EICC"]
[Site "Plovdiv BUL"]
[Date "2008.04.21"]
[Round "1"]
[White "Movsesian,S"]
[Black "Rusev,K"]
[Result "1-0"]
[WhiteElo "2695"]
[BlackElo "2516"]

1.Nf3 d5 2.g3 c6 3.Bg2 Nf6 4.O-O Bg4 5.d3 Nbd7 6.h3 Bxf3 7.Bxf3 g6 8.Bg2 Bg7
9.e4 O-O 10.f4 e6 11.Kh2 b5 12.Qe2 a5 13.a4 Nb6 14.e5 Nfd7 15.axb5 cxb5 16.Nc3 b4
17.Nb5 Nc8 18.c4 Ne7 19.Be3 Qb8 20.b3 Ra6 21.d4 Nb6 22.c5 Nd7 23.Nd6 Ra7
24.g4 f6 25.exf6 Nxf6 26.Bg1 Kh8 27.Qxe6 Nc6 28.Qe2 Ne8 29.Bxd5 Nxd4 30.Qd3 Nxd6
31.cxd6 Qxd6 32.Bxd4 Rxf4 33.Bxg7+ Kxg7 34.Rxf4 Qxf4+ 35.Kg2 Rd7 36.Re1  1-0

[Event "IX EICC"]
[Site "Plovdiv BUL"]
[Date "2008.04.21"]
[Round "1"]
[White "Nikolic,Pr"]
[Black "Bindrich,F"]
[Result "1-0"]
[WhiteElo "2674"]
[BlackElo "2513"]

1.Nf3 d5 2.g3 Nf6 3.Bg2 c6 4.O-O Bg4 5.d3 Nbd7 6.c4 e6 7.cxd5 exd5 8.Nc3 Be7
9.e4 dxe4 10.dxe4 O-O 11.h3 Bh5 12.Qc2 Re8 13.Be3 Bb4 14.Nd4 Bg6 15.f3 Qc7
16.Bf2 Rad8 17.Rad1 h5 18.Qb3 Bf8 19.Rd2 Nc5 20.Qc2 Ne6 21.Nxe6 fxe6 22.Rfd1 Rxd2
23.Rxd2 Bf7 24.a3 e5 25.Nd1 Rd8 26.Ne3 Rxd2 27.Qxd2 Bc5 28.Nf5 Bxf2+ 29.Qxf2 c5
30.Qd2 Ne8 31.Bf1 a6 32.a4 c4 33.Qb4 a5 34.Qc3 Qc5+ 35.Kg2 b6 36.f4 exf4
37.gxf4 Kf8 38.Qd2 Bg6 39.Ng3 h4 40.f5 Bf7 41.Ne2 Nd6 42.Nc3 Qe5 43.Qe2 Qf4
44.Qf3 Qd2+ 45.Qf2 Qg5+ 46.Kh2 Bh5 47.Bg2 Nf7 48.Nd5 Ne5 49.Nf4 Nf3+ 50.Qxf3  1-0

[Event "IX EICC"]
[Site "Plovdiv BUL"]
[Date "2008.04.21"]
[Round "1"]
[White "Kozhuharov,S"]
[Black "Grachev,B"]
[Result "1/2-1/2"]
[WhiteElo "2433"]
[BlackElo "2610"]

1.Nf3 d5 2.g3 Nf6 3.Bg2 c6 4.O-O Bf5 5.d3 h6 6.c4 e6 7.cxd5 exd5 8.Nd4 Bh7
9.Nc3 Bc5 10.Nb3 Be7 11.e4 O-O 12.Be3 Na6 13.exd5 Nxd5 14.Nxd5 cxd5 15.Qg4 Bg6
16.a3 Bf6 17.d4 Re8 18.Rac1 Be4 19.Bxh6 Qb6 20.Rc3 Nc7 21.Be3 Nb5 22.Rcc1 Nxd4
23.Nxd4 Bxd4 24.Bxd4 Qxd4 25.Rc3 Rad8 26.Bxe4 dxe4 27.Qf4 Qd2 28.Qxd2 Rxd2
29.b4 Re7 30.Rfc1 Rdd7 31.h4 g6 32.Kf1 Kg7  1/2-1/2

[Event "34th ch-BAN"]
[Site "Dhaka BAN"]
[Date "2008.04.22"]
[Round "3"]
[White "Hossain,Mon"]
[Black "Minhazuddin,A"]
[Result "0-1"]
[WhiteElo "2196"]
[BlackElo "2325"]

1.Nf3 d5 2.g3 c5 3.Bg2 Nc6 4.d4 Bg4 5.Ne5 Bf5 6.Nxc6 bxc6 7.c4 e6 8.cxd5 exd5
9.Nc3 Nf6 10.O-O Be7 11.dxc5 Bxc5 12.Na4 Bb6 13.Bg5 h6 14.Bf4 O-O 15.Rc1 Rc8
16.b4 Re8 17.Re1 Ng4 18.Nc5 Qf6 19.Rf1 Qb2 20.h3 Nf6 21.Nb7 Rxe2 22.Nd6 Bxf2+
23.Kh1 Be4 24.Bxe4 Nxe4 25.Rb1 Qxa2 26.Nxc8 Bxg3 27.Ne7+ Kh8 28.Ng6+ fxg6  0-1

[Event "IX EICC"]
[Site "Plovdiv BUL"]
[Date "2008.04.22"]
[Round "2"]
[White "Stamenkov,V"]
[Black "Radulski,J"]
[Result "0-1"]
[WhiteElo "2350"]
[BlackElo "2514"]

1.Nf3 d5 2.g3 Nc6 3.d4 Bf5 4.Bg2 Qd7 5.O-O Bh3 6.Bxh3 Qxh3 7.Nc3 O-O-O 8.Ng5 Qf5
9.Qd3 Qxd3 10.cxd3 Nh6 11.Nf3 Nf5 12.e3 e6 13.a3 Be7 14.b4 f6 15.b5 Nb8 16.a4 g5
17.Ba3 Bxa3 18.Rxa3 g4 19.Nd2 h5 20.Rc1 h4 21.Nf1 Nd7 22.Ne2 Nf8 23.Rac3 Rh7
24.Rc5 Ng6 25.a5 Kb8 26.Rb1 e5 27.b6 a6 28.bxc7+ Rxc7 29.Rb6 Rf7 30.Rcc6 Rdf8
31.Re6 h3 32.Nc3 exd4 33.Nxd5 Ne5 34.e4 Ng7 35.Rxf6 Rxf6 36.Rxf6 Rxf6 37.Nxf6 Ne6
38.Nd2 Kc7 39.Nc4 Nf3+ 40.Kf1 Nxh2+ 41.Ke2 Nc5 42.Ne5 Nb3 43.Nexg4 Nxg4 44.Nxg4 Nxa5
45.f4 Nc6 46.Nf2 h2 47.g4 a5 48.Kd2 a4 49.g5 Kd7 50.g6 Ke7 51.f5 Ne5 52.Kc2 Kf6
53.Nh1 Kg7 54.Ng3 Kh6 55.Kb2 Nxd3+ 56.Ka3 b5 57.Nh1 Ne5 58.Kb4 d3 59.Kc3 b4+  0-1

[Event "IX EICC w"]
[Site "Plovdiv BUL"]
[Date "2008.04.22"]
[Round "2"]
[White "Rogule,L"]
[Black "Vladimirova,M"]
[Result "1-0"]
[WhiteElo "2255"]
[BlackElo "1976"]

1.Nf3 d5 2.g3 c6 3.b3 Bg4 4.Bb2 f6 5.d4 Nh6 6.Nbd2 c5 7.dxc5 e5 8.b4 b6 9.h3 Be6
10.cxb6 Qxb6 11.a3 Bc5 12.e3 O-O 13.Qe2 a5 14.c3 e4 15.Nd4 Bxd4 16.exd4 Bc8
17.Nb3 Nf5 18.Qb5 Qd6 19.Qc5 Qe6 20.Qc7 e3 21.Qf4 Re8 22.Bb5 exf2+ 23.Kxf2 Rd8
24.Rae1 Qb6 25.Bd3 Nd6 26.Re7 axb4 27.cxb4 Nc4 28.Qh4 f5 29.Bxc4 dxc4 30.Qg5 Qf6
31.Rxg7+ Qxg7 32.Qxd8+ Qf8 33.Qd5+  1-0

[Event "II Open"]
[Site "La Laguna ESP"]
[Date "2008.04.23"]
[Round "3"]
[White "Rausis,I"]
[Black "Sparreboom,W"]
[Result "1-0"]
[WhiteElo "2512"]
[BlackElo "1980"]

1.Nf3 d5 2.g3 Bf5 3.c4 c6 4.Bg2 Nf6 5.O-O e6 6.d3 h6 7.Be3 Nbd7 8.Qb3 Qc7
9.Rc1 dxc4 10.Qxc4 Nd5 11.Bd4 N5b6 12.Qc3 Nf6 13.Bxf6 Nd5 14.Qe5 gxf6 15.Qd4 Qd8
16.e4 e5 17.Nxe5 fxe5 18.Qxe5+ Be7 19.exf5  1-0

[Event "IX EICC"]
[Site "Plovdiv BUL"]
[Date "2008.04.23"]
[Round "3"]
[White "Grunberg,M"]
[Black "Buhmann,R"]
[Result "0-1"]
[WhiteElo "2422"]
[BlackElo "2569"]

1.Nf3 d5 2.g3 Nf6 3.Bg2 c6 4.O-O Bg4 5.d4 e6 6.Nbd2 Be7 7.Re1 O-O 8.e4 Bh5
9.c3 Nbd7 10.Qb3 Qb6 11.exd5 cxd5 12.Ne5 Nxe5 13.Qxb6 axb6 14.Rxe5 Bg6 15.Re3 Rfc8
16.Nf3 Be4 17.Ne5 Bxg2 18.Kxg2 b5 19.a3 Ne4 20.Rb1 Nd6 21.Re2 Ra6 22.Nd3 Nc4
23.g4 f6 24.h4 Kf7 25.Bf4 Rac6 26.Rbe1 Re8 27.Bg3 Bf8 28.h5 Nb6 29.g5 Nd7
30.Nf4 fxg5 31.Nxd5 Rec8 32.Nb4 Bxb4 33.axb4 Ra6 34.d5 Re8 35.c4 Nf8 36.c5 Rd8
37.Bd6 Raxd6 38.cxd6 Rxd6 39.dxe6+ Nxe6 40.Re5 Kf6 41.Rxb5 b6 42.Kg3 g6 43.h6 Nd4
44.Rbe5 Nf5+ 45.Kf3 Nxh6 46.Re7 g4+ 47.Kg2 Nf7  0-1

[Event "IX EICC"]
[Site "Plovdiv BUL"]
[Date "2008.04.24"]
[Round "4"]
[White "Markowski,T"]
[Black "Bosiocic,Mari"]
[Result "1-0"]
[WhiteElo "2598"]
[BlackElo "2503"]

1.g3 d5 2.Nf3 Nc6 3.d4 Bf5 4.Bg2 Nb4 5.Na3 c6 6.c3 Na6 7.Nh4 Bg6 8.Nxg6 hxg6
9.e4 dxe4 10.Bxe4 Nf6 11.Bg2 Nc7 12.O-O e6 13.Nc4 Ncd5 14.Qe2 Be7 15.Ne5 O-O
16.c4 Nb6 17.Rd1 Nfd7 18.Nf3 Bf6 19.Be3 Qe7 20.Rac1 Rfd8 21.h4 Nc8 22.Bf4 Nd6
23.g4 Qf8 24.Bg3 Be7 25.Qe3 a5 26.Qe2 a4 27.Nd2 Nf6 28.Nb1 Nde8 29.Bf4 Bd6
30.Bg5 Rd7 31.Nc3 a3 32.b3 Rad8 33.Be3 Bb8 34.Qf3 Ba7 35.g5 Nh5 36.c5 Nc7
37.b4 Bb8 38.Rb1 Nd5 39.Nxd5 cxd5 40.Bh3 Re7 41.Bg4 Qe8 42.b5 e5 43.dxe5 Rxe5
44.Rb4 Qe7 45.Ra4 Qe8 46.Rb4 Qe7 47.b6 Qe8 48.Rbd4 Qc6 49.R4d3 Qa4 50.Bxh5 gxh5
51.Rxd5 Rexd5 52.Rxd5 Rf8 53.Rd4 Qb5 54.Rd2 Be5 55.Kg2 Qc4 56.Qxh5 Bb2 57.g6 Qe4+
58.f3 fxg6 59.fxe4 gxh5 60.Rd7  1-0

[Event "IX EICC"]
[Site "Plovdiv BUL"]
[Date "2008.04.24"]
[Round "4"]
[White "Stamenkov,V"]
[Black "Goumas,G"]
[Result "1-0"]
[WhiteElo "2350"]
[BlackElo "2234"]

1.Nf3 d5 2.g3 Nc6 3.d4 Bf5 4.Bg2 Nb4 5.Na3 e6 6.O-O Be7 7.c3 Na6 8.b4 Nf6
9.Bg5 Ne4 10.Bxe7 Qxe7 11.Nb1 h5 12.Qc1 Nb8 13.Nbd2 Nd7 14.Nxe4 Bxe4 15.h4 c6
16.Qf4 f6 17.Bh3 O-O-O 18.c4 Rdg8 19.cxd5 exd5 20.b5 g5 21.hxg5 fxg5 22.Qe5 Qxe5
23.Bxd7+ Kxd7 24.Nxe5+ Kc7 25.f3 Bf5 26.bxc6 bxc6 27.Rac1 Rh6 28.Rc5 Rb8
29.g4 Bd7 30.Ra5 Rb7 31.Rc1 hxg4 32.fxg4 Kb8 33.Rac5 Rh4 34.Kg2 Bxg4 35.Nxc6+ Ka8
36.Rxd5 Rh8 37.e4 Rb2+ 38.Kg3 Bh3 39.Rd8+ Rxd8 40.Nxd8 Bd7 41.Rc7 Be8 42.Rc8+ Rb8
43.Rxb8+ Kxb8 44.Kg4 Kc7 45.Ne6+ Kd6 46.Nxg5 a5 47.Kf4 a4 48.a3 Bg6 49.Nf3 Bf7
50.Ne5 Bb3 51.Nd3 Bc2 52.e5+ Ke6 53.d5+ Ke7 54.d6+ Kd8 55.Nc5 Bb3 56.Kf5 Ke8
57.e6 Bc4 58.Kf6  1-0

[Event "IX EICC"]
[Site "Plovdiv BUL"]
[Date "2008.04.25"]
[Round "5"]
[White "Bogdanovski,V"]
[Black "Svetushkin,D"]
[Result "1/2-1/2"]
[WhiteElo "2391"]
[BlackElo "2568"]

1.Nf3 d5 2.g3 c6 3.Bg2 Nf6 4.O-O Bg4 5.d3 e6 6.c4 Be7 7.Be3 O-O 8.Qb3 Qc8
9.Nc3 Nbd7 10.cxd5 exd5 11.Rac1 Re8 12.Rfe1 Nf8 13.Bd4 Be6 14.Na4 b6 15.Qd1 Qb7
16.Nc3 Rad8 17.Bxf6 Bxf6 18.d4 Nd7 19.e3 Be7 20.Qc2 Rc8 21.Red1 g6 22.h4 Nf6
23.Ng5 Bf5 24.e4 dxe4 25.Ngxe4 Kg7 26.Qa4 Nxe4 27.Nxe4 Red8 28.Ng5 Rd6 29.Ne4 Rd7
30.Rd2 Be6  1/2-1/2

[Event "IX EICC"]
[Site "Plovdiv BUL"]
[Date "2008.04.25"]
[Round "5"]
[White "Dizdar,G"]
[Black "Gustafsson,J"]
[Result "1/2-1/2"]
[WhiteElo "2548"]
[BlackElo "2603"]

1.Nf3 d5 2.g3 Nf6 3.Bg2 e6 4.O-O Be7 5.c4 O-O 6.b3 c5 7.Bb2 Nc6 8.e3 d4 9.exd4 cxd4
10.Re1 Ne8 11.Ne5 Nxe5 12.Rxe5 f6 13.Re1 e5 14.d3 Nc7 15.Ba3 Ne6 16.f4 Bxa3
17.Nxa3 Qe7 18.Nc2 exf4 19.gxf4 Qd6 20.Qc1 Nxf4 21.c5 Qc7  1/2-1/2

[Event "IX EICC w"]
[Site "Plovdiv BUL"]
[Date "2008.04.25"]
[Round "5"]
[White "Majdan,J"]
[Black "Butuc,M"]
[Result "1/2-1/2"]
[WhiteElo "2338"]
[BlackElo "2137"]

1.Nf3 d5 2.g3 Nf6 3.Bg2 Nbd7 4.c4 c6 5.cxd5 cxd5 6.d4 e6 7.O-O Bd6 8.Nc3 O-O
9.Qc2 Qc7 10.Qb1 a6 11.a4 b6 12.Bd2 Bb7 13.Rc1 Qd8 14.e4 Nxe4 15.Nxe4 dxe4
16.Ng5 Rc8 17.Rxc8 Qxc8 18.Nxe4 Qa8 19.Qe1 Be7 20.Rc1 Rc8 21.Rxc8+ Qxc8 22.Nc3 Bxg2
23.Kxg2 Qc6+ 24.Qe4 Qxe4+ 25.Nxe4 Nf6 26.Nxf6+ Bxf6 27.Be3 Kf8 28.g4 Bd8
29.Kf3 Ke7 30.Bg5+ f6 31.Bd2 Kd6 32.Ke4 g6 33.Bf4+ Kc6 34.Bg3 Be7 35.b3  1/2-1/2

[Event "IX EICC w"]
[Site "Plovdiv BUL"]
[Date "2008.04.26"]
[Round "6"]
[White "Maksimovic,S"]
[Black "Vladimirova,M"]
[Result "0-1"]
[WhiteElo "2264"]
[BlackElo "1976"]

1.Nf3 d5 2.g3 c6 3.Bg2 Bg4 4.b3 f6 5.d4 Nd7 6.Bb2 Nh6 7.Nbd2 Qc7 8.O-O e5
9.c4 e4 10.Ne1 f5 11.Rc1 Qb8 12.Nc2 Bd6 13.cxd5 cxd5 14.f3 Bh5 15.fxe4 fxe4
16.Ne3 Ng4 17.Nxd5 Bxg3 18.hxg3 Qxg3 19.Rf4 Qh2+ 20.Kf1 Ne3+ 21.Kf2 Nxd1+
22.Rxd1 e3+ 23.Kxe3 Qxg2 24.Nc7+ Kd8 25.Nxa8 Ke7 26.Nf3 Bxf3 27.Ba3+ Ke6  0-1

[Event "IX EICC w"]
[Site "Plovdiv BUL"]
[Date "2008.04.26"]
[Round "6"]
[White "Atalik,E"]
[Black "Danielian,E"]
[Result "0-1"]
[WhiteElo "2409"]
[BlackElo "2479"]

1.Nf3 d5 2.g3 Nf6 3.Bg2 c6 4.O-O Bg4 5.c4 e6 6.cxd5 exd5 7.d3 Bc5 8.Qb3 Qb6
9.Qc2 Nbd7 10.Nc3 Qd8 11.h3 Bh5 12.Bf4 O-O 13.e4 h6 14.g4 Bg6 15.Bg3 Re8
16.Nh4 Bh7 17.exd5 cxd5 18.Nxd5 Rc8 19.Qb3 Bd4 20.Qb4 Be5 21.Nxf6+ Qxf6 22.d4 Bxd4
23.Rad1 Bc5 24.Qxb7 Ne5 25.Rd5 Nc4 26.Rc1 Nd6 27.Qxc8 Rxc8 28.Rdxc5 Rxc5
29.Rxc5 Be4 30.Nf5 Bxg2 31.Kxg2 Nxf5 32.Rxf5 Qxb2 33.a4 Qb7+ 34.Kh2 Qc6 35.Rf4 a6
36.Rd4 Kh7 37.Rf4 f6 38.Rd4 Kg6 39.h4 h5 40.gxh5+ Kxh5 41.Rf4 Qd5 42.Rb4 g5
43.hxg5 fxg5 44.Rb8 Qa5 45.Re8 Qxa4 46.Re3 a5 47.Be5 Qc2 48.Kg2 a4 49.Kg3 Qc1
50.Kh2 a3 51.Kg2 a2 52.Bc3 Qd1 53.Be5 Qd5+ 54.Kh2 Kg4 55.Bc3 Kf4 56.Rg3 Qc6
57.Bd2+ Kf5 58.Bc3 Kf4 59.Bd2+ Ke4 60.Bc3 Kf5 61.Re3 Kf4 62.Be5+ Kf5 63.Bc3 Kg6
64.Be5 g4 65.Kg1 Kf5 66.Bh8 Qc8 67.Bg7 Qc1+ 68.Kg2 Qc6+ 69.Kg1 Qd5 70.Bc3 Kf4
71.Bg7 Qd1+ 72.Kg2 Qd5+ 73.Kg1 Qb5 74.Bc3 Kf5 75.Bh8 Qc6 76.Bg7 Qb6 77.Bc3 Qb1+
78.Kg2 Qb7+ 79.Kg1 Qb3 80.Kg2 Qb1 81.Bh8 Qb6 82.Kg1 Qc7 83.Kg2 Qc8 84.Bd4 Qc4
85.Bh8 Qa4 86.Bg7 Qa6 87.Kg1 Qb6 88.Bc3 Qb1+ 89.Kg2 Qc2 90.Bg7 Qc7 91.Bh8 Qc4
92.Bg7 Kg6 93.Bh8 Qa4 94.Be5 Qa8+ 95.Kg1 Qc6 96.Bh8 Qc5 97.Kg2 Kh7 98.Bb2 Qb6
99.Be5 Qc6+ 100.Kg1 Qc5 101.Bb2 Qc2 102.Be5 Qd1+ 103.Kg2 Qd5+ 104.Kh2 Kg6
105.Bc3 Qc6 106.Be5 Kf5 107.Bb2 Qb5 108.Bc3 Qf1 109.Re5+ Kf4  0-1

[Event "IX EICC w"]
[Site "Plovdiv BUL"]
[Date "2008.04.26"]
[Round "6"]
[White "Moser,E"]
[Black "Kochetkova,J"]
[Result "1-0"]
[WhiteElo "2395"]
[BlackElo "2316"]

1.Nf3 d5 2.g3 c6 3.Bg2 Bg4 4.O-O Nd7 5.d3 Ngf6 6.Nbd2 e5 7.e4 Bd6 8.h3 Bh5
9.exd5 cxd5 10.c4 O-O 11.cxd5 Nxd5 12.d4 exd4 13.Nc4 Be7 14.g4 Bg6 15.Nxd4 Nc5
16.Ne5 Bf6 17.Nxg6 hxg6 18.Nb3 Nxb3 19.Qxb3 Nb6 20.Bxb7 Rb8 21.Bg2 Qc7 22.Rb1 Be5
23.Qf3 Na4 24.b3 Rfe8 25.Be3 Nc3 26.Rbc1 Qe7 27.Rc2 Qa3 28.Bc1 Qa5 29.Bd2 Ne2+
30.Qxe2 Bh2+ 31.Kxh2 Rxe2 32.Bxa5 Rxc2 33.Ra1 Rxf2 34.Kg3 Rc2 35.Be4 Rc5
36.Be1 Re8 37.Bf3 Rc2 38.Bf2 a6 39.b4 Rd8 40.a4 Rd3 41.Rf1 Rb3 42.Be1 Rc1
43.a5 g5 44.Kg2 Rbb1 45.Kf2 Rb2+ 46.Kg1 Rbb1 47.Kf2 Rb2+ 48.Ke3 Rh2 49.Bg3 Rc3+
50.Kd4 Rhc2 51.Be4 Rc4+ 52.Kd5 Rc1 53.Rxc1 Rxc1 54.Bd3  1-0

[Event "26th Liechtenstein Open"]
[Site "Triesen LIE"]
[Date "2008.04.26"]
[Round "2"]
[White "Belezky,A"]
[Black "Sarmir,M"]
[Result "1-0"]
[WhiteElo "2454"]
[BlackElo "2107"]

1.Nf3 d5 2.g3 Nf6 3.Bg2 e6 4.d3 Bd6 5.O-O O-O 6.Nbd2 Nbd7 7.e4 c6 8.b3 b6
9.Bb2 Qc7 10.Re1 dxe4 11.dxe4 Ne5 12.Nxe5 Bxe5 13.Bxe5 Qxe5 14.Nc4 Qc7 15.e5 Ne8
16.Qh5 Ba6 17.Re4 f5 18.exf6 Nxf6 19.Qe5 Qf7 20.Nd6 Qg6 21.Qxe6+ Kh8 22.Rf4 Bc8
23.Qe7 Bd7 24.Be4 Qh5 25.Bd3 Bg4 26.Re1 Bf3 27.Re5  1-0

[Event "IX EICC w"]
[Site "Plovdiv BUL"]
[Date "2008.04.27"]
[Round "7"]
[White "Umudova,N"]
[Black "Shaidullina,S"]
[Result "0-1"]
[WhiteElo "2222"]
[BlackElo "2298"]

1.Nf3 d5 2.g3 c6 3.Bg2 Bf5 4.d3 e6 5.O-O Nf6 6.Nbd2 h6 7.b3 Be7 8.Bb2 O-O
9.c4 a5 10.a3 Bh7 11.Ra2 Re8 12.Qa1 c5 13.e4 dxe4 14.dxe4 Qb6 15.Ne5 Rd8
16.Bc3 Bf8 17.Qb2 Nfd7 18.Nd3 Nc6 19.Raa1 Ndb8 20.Nf4 Nd4 21.Rfe1 Nbc6 22.Rab1 Rd7
23.Nf3 Rad8 24.Nxd4 cxd4 25.Bd2 Ne5 26.Red1 a4 27.bxa4 Qxb2 28.Rxb2 Nxc4
29.Rb3 Bxa3 30.Bf1 Nxd2 31.Rxd2 Bc1 32.Rd1 Bxf4 33.gxf4 Bxe4 34.Bd3 Bc6 35.a5 Ba4  0-1

[Event "IX EICC"]
[Site "Plovdiv BUL"]
[Date "2008.04.27"]
[Round "7"]
[White "Markowski,T"]
[Black "Dizdar,G"]
[Result "1-0"]
[WhiteElo "2598"]
[BlackElo "2548"]

1.g3 d5 2.Nf3 Bg4 3.Bg2 Nd7 4.O-O c6 5.d3 e6 6.h3 Bxf3 7.Bxf3 Ngf6 8.b3 a5
9.a3 Bd6 10.Bb2 O-O 11.Nd2 b5 12.e3 b4 13.Ra2 Qb8 14.Qa1 Be5 15.Bxe5 Nxe5
16.axb4 axb4 17.Rxa8 Nxf3+ 18.Nxf3 Qxa8 19.Qd4 Qb8 20.Qc5 Rc8 21.Ra1 Nd7
22.Qe7 Ne5 23.Nxe5 Qxe5 24.Ra7 Qf6 25.Qxb4 h5 26.Qf4 Qxf4 27.gxf4 c5 28.Kf1 Rc6
29.Ke2 f6 30.Rd7 c4 31.bxc4 dxc4 32.d4 Kh7 33.Ra7 Kh6 34.Ra5 g5 35.fxg5+ fxg5
36.Rc5  1-0

[Event "IX EICC w"]
[Site "Plovdiv BUL"]
[Date "2008.04.27"]
[Round "7"]
[White "Foisor,C"]
[Black "Velcheva,M"]
[Result "1/2-1/2"]
[WhiteElo "2364"]
[BlackElo "2262"]

1.Nf3 d5 2.g3 Nf6 3.Bg2 c6 4.d3 Bg4 5.Nbd2 Nbd7 6.h3 Bh5 7.O-O e6 8.Qe1 Be7
9.e4 O-O 10.Nh2 dxe4 11.dxe4 e5 12.Bf3 Bg6 13.Qe2 Nc5 14.a4 Qd4 15.Re1 Rfd8
16.Nhf1 Qd7 17.Bg2 b5 18.axb5 cxb5 19.b3 a6 20.Bb2 Qc7 21.Ne3 Ncxe4 22.Nxe4 Nxe4
23.Nd5 Rxd5 24.Bxe4 Bxe4 25.Qxe4 Qd8 26.Bxe5 Rxe5 27.Qxe5 Bf6 28.Qe4 Bxa1
29.Rxa1 h6 30.Qb7 Qc8 31.Qxc8+ Rxc8 32.Rxa6 Rxc2 33.Rb6 Rc5 34.Kf1 h5 35.Ke2 g5
36.b4 Rf5 37.f3 Kg7 38.Ke3 f6 39.Rb7+ Kg6 40.Rc7 Re5+ 41.Kf2 Kf5 42.Rb7 Kg6
43.Rb6 Kf5 44.Rb8 Kg6 45.Rb6  1/2-1/2

[Event "IX EICC"]
[Site "Plovdiv BUL"]
[Date "2008.04.27"]
[Round "7"]
[White "Mchedlishvili,M"]
[Black "Steingrimsson,H"]
[Result "1-0"]
[WhiteElo "2635"]
[BlackElo "2551"]

1.Nf3 d5 2.g3 c6 3.Bg2 Nf6 4.O-O Bg4 5.c4 e6 6.cxd5 Bxf3 7.Bxf3 cxd5 8.d3 Nc6
9.Nc3 Bc5 10.Bd2 O-O 11.Rc1 Qe7 12.a3 a6 13.Bg2 Ba7 14.b4 Rfc8 15.Qb3 Nd7
16.e3 Nce5 17.Ne2 b5 18.h3 Nb6 19.f4 Ned7 20.Kh2 g6 21.Nd4 Qd6 22.Nf3 Na4
23.e4 Ndb6 24.Rcd1 Qc7 25.Rc1 Qd6 26.f5 dxe4 27.dxe4 Nc4 28.Bf4 e5 29.Nxe5 Nxe5
30.Bxe5 Qxe5 31.fxg6 Kh8 32.Rxf7 Bg1+ 33.Rxg1 hxg6 34.Qe3 Kg8 35.Rd7 Rc3
36.Qh6  1-0